La institución imaginaria de la sociedad /

Guardado en:
Autor Principal: Castoriadis, Cornelius
Otros Autores: Vicens, Antoni, trad., Galmarini, Marco-aurelio, trad.
Formato: Libro
Publicado: Buenos Aires : Tusquets, 2007
Series:Ensayo
Materias:
Etiquetas: Agregar Etiqueta
Sin Etiquetas, Sea el primero en etiquetar este registro!
LEADER 00753nam a22002175a 4500
001 CEM.cems012786
005 20080526133744.0
008 130507s2007##################000#0#####d
003 CEMS
020 |a 9789871210565 
082 0 4 |a 193 
100 1 |a Castoriadis, Cornelius 
245 1 0 |a La institución imaginaria de la sociedad /  |c Cornelius Castoriadis ; traducido Por Antoni Vicens y Marco-aurelio Galmarini 
260 |a Buenos Aires :  |b  Tusquets,  |c 2007 
300 |a 580 p. 
490 0 |a Ensayo 
505 0 |a Marxismo y teoría revolucionaria -- El imaginario social y la institución 
653 |a Filosofía 
700 1 |a Vicens, Antoni, trad. 
700 1 |a Galmarini, Marco-aurelio, trad. 
859 |a CEMS  |b BIB. CEMS - 11 de abril  |h 193  |i C279  |p 25045.08  |t Ej.1